|
|
|
|
| LEADER |
01131nam a2200277 i 4500 |
| 001 |
c000251838 |
| 003 |
CARM |
| 005 |
00000000000000.0 |
| 008 |
840413s1966 mx 0 eng d |
| 019 |
1 |
|
|a 471978
|5 LACONCORD2021
|
| 035 |
|
|
|a (OCoLC)15583
|5 LACONCORD2021
|
| 082 |
0 |
4 |
|a 301.580982
|
| 100 |
1 |
|
|a Auza, Néstor Tomás.
|
| 245 |
1 |
0 |
|a Catolicos y liberales en la generacion del ochenta.
|
| 260 |
|
|
|a Cuernavaca :
|b Centro Intercultural de Documentacion ,
|c 1966.
|
| 300 |
|
|
|a 2 v.
|
| 490 |
1 |
|
|a Centro Intercultural de Documentacion. Sondeos ;
|v no.6-7
|
| 500 |
|
|
|a Bibliography: v.2,p.[24/1]-24/14.
|
| 610 |
2 |
0 |
|a Catholic Church
|z Argentina.
|
| 650 |
|
0 |
|a Church and state
|z Argentina.
|
| 830 |
|
0 |
|a Sondeos ;
|v no.6-7.
|
| 852 |
8 |
|
|b CARM
|h A2:AR13G0
|i C08722
|p 0326981
|f BK
|
| 852 |
8 |
|
|b CARM
|h A2:AR13G0
|i C08722
|p 0326982
|f BK
|
| 999 |
f |
f |
|i b73b26ff-3945-5bb7-8b19-7d944d0c8c02
|s a3ea4348-539d-52a7-a17a-91bacea39463
|
| 952 |
f |
f |
|p Can circulate
|a CAVAL
|b CAVAL
|c CAVAL
|d CARM 1 Store
|e C08722
|f A2:AR13G0
|h Other scheme
|i book
|m 0326981
|
| 952 |
f |
f |
|p Can circulate
|a CAVAL
|b CAVAL
|c CAVAL
|d CARM 1 Store
|e C08722
|f A2:AR13G0
|h Other scheme
|i book
|m 0326982
|